| 000 | 00492nam a2200157 a 4500 | ||
|---|---|---|---|
| 001 | 000028422 | ||
| 005 | 20240320074002.0 | ||
| 008 | 110408s1999 dr ac 000 0 spa d | ||
| 040 |
_aDO-SdBNP _bspa _cBNPHU |
||
| 082 |
_axxx _bN433p |
||
| 245 | 0 | 1 |
_aEl padre Andrés Nemeth, SDB / _ceditor Rafael Bello Peguero, Pbro. |
| 260 |
_aSanto Domingo : _bAmigo del Hogar, _c1999. |
||
| 300 |
_a27 p. : _bil., retrs. ; _c21 cm. |
||
| 700 | 1 |
_aBello Peguero, Rafael, _d1932-2022 _eed. _92405 |
|
| 049 | _aBNPD | ||
| 999 |
_c27914 _d27914 |
||